000 00695nam a2200205Ii 4500
003 JO-AjNU
008 230605s9999||||xx |||||||||||||| ||und||
017 _a2004/3/568
040 _aJO-AjNU
_bara
_erda
_cJO-AjNU
041 _aara
050 1 4 _aTA545.A28.2004
100 3 _aابو جابر، محمود,
_eauthor
_921004
245 0 0 _aدليلك الى المساحة والهندسة المدنية =Civil And Survey-SOFTDESK8
264 3 1 _aعمان:المؤلف، 2004
300 _a161ص
336 _atext
_btxt
_2rdacontent
337 _aunmediated
_bn
_2rdamedia
338 _avolume
_bnc
_2rdacarrier
650 4 _aالهندسة المدنية-مساحات الانشاءات
_921005
999 _aA7224
_c10792
_d10792